Od MS PowerPoint prezentácie k Inteligentnému vyučovaciemu systému
Vďaka internetu a mobilným technológiám je možnosť štúdia a vzdelávania sa oveľa dostupnejšia ako v minulosti. Akou formou je potrebné robiť elektronické vzdelávanie a ako budovať e-learningové kurzy, aby sa stali príťažlivé pre študentov. Dôležitý je nielen obsah kurzu, ale aj forma poskytovania po...
Salvato in:
| Autore principale: | |
|---|---|
| Natura: | Capitolo di libro |
| Lingua: | slovacco |
| Soggetti: | |
| Tags: |
Nessun Tag, puoi essere il primo ad aggiungerne!!
|
MARC
| LEADER | 00000nla a2200000 4500 | ||
|---|---|---|---|
| 001 | 0204257 | ||
| 005 | 20240502073417.3 | ||
| 041 | 0 | |a slo | |
| 044 | |a SK | ||
| 245 | 1 | 0 | |a Od MS PowerPoint prezentácie k Inteligentnému vyučovaciemu systému |c Eva Rakovská |
| 520 | |a Vďaka internetu a mobilným technológiám je možnosť štúdia a vzdelávania sa oveľa dostupnejšia ako v minulosti. Akou formou je potrebné robiť elektronické vzdelávanie a ako budovať e-learningové kurzy, aby sa stali príťažlivé pre študentov. Dôležitý je nielen obsah kurzu, ale aj forma poskytovania poznatkov v kurze a jazyk kurzu. Podpora štýlov učenia v e-learningu. Video v e-learningu. Inteligentný vyučovací systém. Niekoľko dobrých rád ako spraviť e-learningový kurz tak, aby bol študentami rešpektovaný. | ||
| 610 | 2 | 0 | |a vzdelávanie vysokoškolské |
| 610 | 2 | 0 | |a vzdelávanie elektronické |
| 610 | 2 | 0 | |a kurzy |
| 610 | 2 | 0 | |a učitelia |
| 610 | 2 | 0 | |a technológie informačné |
| 610 | 2 | 0 | |a internet |
| 610 | 2 | 0 | |a prezentácia |
| 100 | 1 | |a Rakovská, Eva, 1963- | |